000 00904nam a2200253 a 4500
999 _c11664
_d11664
001 11664
003 BD-JhCC
005 20200715122128.0
008 200715b2011 bg a|||| ||a| 001 0 mul d
020 _a9843000002860
035 _a(BD-JhCC)11664
040 _aBD-JhCC
_dBD-JhCC
041 _amul
082 _a570.9
_bBAN 2011
245 _aবাংলাদেশ উদ্ভিদ ও প্রাণী জ্ঞানকোষ:
_bনির্ঘণ্ট উদ্ভিদ /
_cসম্পা: জিয়া উদ্দিন আহমেদ ।
260 _aঢাকা:
_bবাংলাদেশ এশিয়াটিক সোসাইটি;
_c২০১১.
300 _a323 p. :
_bill;
_c26 cm.
650 _aBiology
650 _aZoology
650 _aDisctionay
700 _aআহমেদ, জিয়া উদ্দিন
942 _2ddc
_cBK